00613nam a2200169Ia 4500008004100000020001800041041000800059082001800067100002900085245008000114250000600194260004400200300000800244650004000252999001900292952013200311210716s1987 xx 000 0 und d a9780875848815 aeng a658.4062 HARV aHarvard Business Review. aHarvard business review: on knowledge management.bOn knowledge management. a1 aUSAbHarvard Business Review Bookc1987 a223 aOrganizational Development & Change c202894d202894 00102ddc40738MBAaAIMITbAIMITd2008-11-02g595.00l0o658.4062 HARVpMBA05460r2025-07-21 00:00:00v476.00w2021-07-16yBK